| 000 | 01011cam a22003133a 4500 | ||
|---|---|---|---|
| 001 | 21813 | ||
| 003 | PGUSA | ||
| 005 | 20140828083450.0 | ||
| 008 | 070612s2007||||xxu|||||s|||||000 1 eng d | ||
| 040 |
_aPGUSA _beng |
||
| 042 | _adc | ||
| 050 | 4 | _aPZ | |
| 100 | 1 |
_aBallantyne, R. M. _q(Robert Michael), _d1825-1894 |
|
| 245 | 1 | 4 |
_aThe Madman and the Pirate _h[electronic resource] / _cR. M. Ballantyne |
| 260 |
_bProject Gutenberg, _c2007 |
||
| 506 | _aPublic domain in the USA. | ||
| 516 | _aElectronic text | ||
| 653 | _aIslands -- Juvenile fiction | ||
| 653 | _aChildren -- Conduct of life -- Juvenile fiction | ||
| 653 | _aSailing -- Juvenile fiction | ||
| 653 | _aConduct of life -- Juvenile fiction | ||
| 653 | _aSeafaring life -- Juvenile fiction | ||
| 653 | _aChristian life -- Juvenile fiction | ||
| 653 | _aPirates -- Juvenile fiction | ||
| 700 | 1 |
_aTwidle, Arthur, _d1865-1936 |
|
| 830 | 0 |
_aProject Gutenberg _v21813 |
|
| 856 | 4 | 0 | _uhttp://www.gutenberg.org/ebooks/21813 |
| 942 | _cEB | ||
| 999 |
_c251068 _d251068 |
||